00826 a2200397 4500000002100000001000700021005001700028008004100045010000500086020001800091082001800109100002800127110000500155245006500160250000500225260004100230300001000271490000700281500000500288600000500293610000500298611000500303630001600308650000500324651000500329654000500334700002100339700002500360710000900385711000500394720000500399730000500404740000500409752000500414856000900419BKB 13597620200902152940.0  a a9788186771549 a378.242bP27T1 aPathak, S.N....[et.al.] a1 aTreatment and rehabilitation of drug addictscby S.N. Pathak a aNew DelhibSerials Publicationc2006 a105p. av a a a a aSocial Work a a a aPandey, S.P.bc aPandey, Sanjay Kumar abc a a a a a adf